|
|
|
|
| LEADER |
00000nam0a2200000 4500 |
| 001 |
348789 |
| 005 |
20231102010136.0 |
| 035 |
|
|
|a (RuTPU)RU\TPU\retro\595
|
| 090 |
|
|
|a 348789
|
| 100 |
|
|
|a 20180314d m y0rusy50 ca
|
| 101 |
0 |
|
|a rus
|
| 102 |
|
|
|a RU
|
| 105 |
|
|
|a af z 000zy
|
| 200 |
1 |
|
|a Доклады II Всероссийскому съезду деятелей по горному делу, металлургии и машиностроению
|
| 210 |
|
|
|a Санкт-Петербург
|c Типография Р. Г. Шредера
|
| 215 |
|
|
|a 13+[2]+8+7+16+16+32+17+18+13+11+55+10+8+30+28+7+10+19+7+12+29+4+5+5+3+3+6+36+18 с.
|c ил.
|e вкл. л.
|
| 300 |
|
|
|a Раздельная пагинация.
|
| 606 |
|
|
|a Горное дело
|2 stltpush
|3 (RuTPU)RU\TPU\subj\7566
|9 35173
|
| 606 |
|
|
|a Металлургия общая
|2 stltpush
|3 (RuTPU)RU\TPU\subj\43016
|9 62604
|
| 606 |
|
|
|a Машиностроение
|2 stltpush
|3 (RuTPU)RU\TPU\subj\71949
|9 85607
|
| 610 |
1 |
|
|a горное дело
|
| 610 |
1 |
|
|a железо
|
| 610 |
1 |
|
|a азот
|
| 610 |
1 |
|
|a мокрая закладка
|
| 610 |
1 |
|
|a паровые котлы
|
| 610 |
1 |
|
|a вентиляторы
|
| 610 |
1 |
|
|a компрессоры
|
| 610 |
1 |
|
|a предел упругости
|
| 610 |
1 |
|
|a цементация железа
|
| 610 |
1 |
|
|a пластические тела
|
| 610 |
1 |
|
|a твердые растворы
|
| 610 |
1 |
|
|a мартеновское производство
|
| 610 |
1 |
|
|a автогенная сварка
|
| 610 |
1 |
|
|a мартеновские печи
|
| 610 |
1 |
|
|a судостроение
|
| 610 |
1 |
|
|a кокс
|
| 675 |
|
|
|a 622
|v 4
|
| 675 |
|
|
|a 669
|v 3
|
| 675 |
|
|
|a 621.002
|v 3
|
| 801 |
|
1 |
|a RU
|b 63413507
|c 20180314
|
| 801 |
|
2 |
|a RU
|b 63413507
|c 20230623
|g RCR
|
| 942 |
|
|
|c BK
|